LEADER 01974nam0 2200421 i 450 001 VAN0127210 005 20230628084958.139 017 70$2N$a9783030272371 100 $a20200302d2019 |0itac50 ba 101 $aeng 102 $aCH 105 $a|||| ||||| 200 1 $aˆThe ‰Physical and Mathematical Foundations of the Theory of Relativity$ea Critical Analysis$fAntonio Romano, Mario Mango Furnari 210 $aCham$cBirkhäuser$d2019 215 $axvi, 496 p.$cill.$d24 cm 500 1$3VAN0237028$aˆThe ‰Physical and Mathematical Foundations of the Theory of Relativity$91733790 606 $a83Cxx$xGeneral relativity [MSC 2020]$3VANC023561$2MF 606 $a83Axx$xSpecial relativity [MSC 2020]$3VANC023562$2MF 606 $a83Fxx$xCosmology [MSC 2020]$3VANC023580$2MF 606 $a83Bxx$xObservational and experimental questions in relativity and gravitational theory [MSC 2020]$3VANC035648$2MF 610 $aEinstein's Equations$9KW:K 610 $aEquivalence Principle$9KW:K 610 $aFermi-Walker Derivative$9KW:K 610 $aGeneral Relativity$9KW:K 610 $aSchwarzschild solution$9KW:K 610 $aSpecial Relativity$9KW:K 620 $aCH$dCham$3VANL001889 700 1$aRomano$bAntonio$cfisico$3VANV001511$0340904 701 1$aFurnari$bMario Mango$3VANV098651$0781811 712 $aBirkhäuser $3VANV108193$4650 801 $aIT$bSOL$c20230630$gRICA 856 4 $uhttp://doi.org/10.1007/978-3-030-27237-1$zE-book ? Accesso al full-text attraverso riconoscimento IP di Ateneo, proxy e/o Shibboleth 899 $aBIBLIOTECA DEL DIPARTIMENTO DI MATEMATICA E FISICA$1IT-CE0120$2VAN08 912 $fN 912 $aVAN0127210 950 $aBIBLIOTECA DEL DIPARTIMENTO DI MATEMATICA E FISICA$d08CONS e-book 1775 $e08eMF1775 20200302 996 $aPhysical and Mathematical Foundations of the Theory of Relativity$91733790 997 $aUNICAMPANIA LEADER 02577nam0 22005653i 450 001 VAN00274580 005 20240806101540.104 017 70$2N$a9783030800314 100 $a20240409d2022 |0itac50 ba 101 $aeng 102 $aCH 105 $a|||| ||||| 200 1 $aAround the Unit Circle$eMahler Measure, Integer Matrices and Roots of Unity$fJames McKee, Chris Smyth 210 $aCham$cSpringer$d2021 215 $axx, 438 p.$cill.$d24 cm 410 1$1001VAN00024506$12001 $aUniversitext$1210 $aBerlin [etc]$cSpringer$d1930- 606 $a05A05$xPermutations, words, matrices [MSC 2020]$3VANC023152$2MF 606 $a05C20$xDirected graphs (digraphs), tournaments [MSC 2020]$3VANC031014$2MF 606 $a05C22$xSigned and weighted graphs [MSC 2020]$3VANC029233$2MF 606 $a11-XX$xNumber theory [MSC 2020]$3VANC019688$2MF 606 $a11C08$xPolynomials in number theory [MSC 2020]$3VANC022428$2MF 606 $a11C20$xMatrices, determinants in number theory [MSC 2020]$3VANC033735$2MF 606 $a11R06$xPV-numbers and generalizations; other special algebraic numbers; Mahler measure [MSC 2020]$3VANC021432$2MF 606 $a11R18$xCyclotomic extensions [MSC 2020]$3VANC021827$2MF 606 $a11S05$xPolynomials [MSC 2020]$3VANC037775$2MF 606 $a15B36$xMatrices of integers [MSC 2020]$3VANC023796$2MF 610 $aAdjacency matrix$9KW:K 610 $aAuxiliary function methods$9KW:K 610 $aCyclotomic integers$9KW:K 610 $aEstes-Guralnick conjecture$9KW:K 610 $aLehmer's problem$9KW:K 610 $aMahler measure$9KW:K 610 $aRobinson's conjecture$9KW:K 610 $aSalem numbers$9KW:K 610 $aSchinzel-Zassenhaus conjecture$9KW:K 610 $aSchur-Siegel-Smyth trace problem$9KW:K 610 $aSigned and directed graphs$9KW:K 610 $aSymmetrizable integer matrics$9KW:K 620 $aCH$dCham$3VANL001889 700 1$aMcKee$bJames$3VANV051813$0295633 701 1$aSmyth$bChris$3VANV051814$0317635 712 $aSpringer $3VANV108073$4650 801 $aIT$bSOL$c20241115$gRICA 856 4 $uhttps://doi.org/10.1007/978-3-030-80031-4$zhttps://doi.org/10.1007/978-3-030-80031-4 899 $aBIBLIOTECA DEL DIPARTIMENTO DI MATEMATICA E FISICA$1IT-CE0120$2VAN08 912 $fN 912 $aVAN00274580 950 $aBIBLIOTECA DEL DIPARTIMENTO DI MATEMATICA E FISICA$d08DLOAD e-book 8153 $e08eMF8153 20240412 996 $aAround the Unit Circle$94148983 997 $aUNICAMPANIA